MARC

LEADER 00000nam0a2200000 4500
001 39926
005 20231031011904.0
035 |a (RuTPU)RU\TPU\book\40804 
035 |a RU\TPU\book\33084 
090 |a 39926 
100 |a 20020415d1986 m y0rusy50 ca 
101 0 |a rus 
102 |a RU 
105 |a a j 001zy 
200 1 |a Исследование операций в задачах и упражнениях  |e учебное пособие для вузов  |f В. В. Морозов, А. Г. Сухарев, В. В. Федоров 
210 |a Москва  |c Высшая школа  |d 1986 
215 |a 285 с.  |c ил. 
320 |a Библиогр.: с. 284-286 
610 1 |a математика 
610 1 |a операции 
610 1 |a исследование 
610 1 |a оптимизация 
610 1 |a теория 
610 1 |a задачи 
610 1 |a практические пособия 
610 1 |a сетевые задачи 
610 1 |a неантагонистические игры 
610 1 |a учебные пособия 
675 |a 519.8(076)  |v 3 
700 1 |a Морозов  |b В. В.  |g Владимир Викторович 
701 1 |a Сухарев  |b А. Г.  |g Алексей Григорьевич 
701 1 |a Федоров  |b В. В.  |g Вячеслав Васильевич 
801 0 |a RU  |b 63413507  |c 20011210  |g PSBO 
801 1 |a RU  |b 63413507  |c 20020415  |g PSBO 
801 2 |a RU  |b 63413507  |c 20141222  |g PSBO 
942 |c BK